|
|
|
|
| LEADER |
01269nam a2200361 a 4500 |
| 001 |
nkc20132454385 |
| 003 |
CZ PrNK |
| 005 |
20130829080759.0 |
| 007 |
ta |
| 008 |
130403s2013 xr g 000 j cze |
| 015 |
|
|
|a cnb002454385
|
| 020 |
|
|
|a 978-80-206-1337-0
|q (váz.)
|
| 035 |
|
|
|a (OCoLC)857951650
|
| 040 |
|
|
|a BOA001
|b cze
|d OLA001
|
| 041 |
1 |
|
|a cze
|h eng
|
| 072 |
|
7 |
|a 821.111-3
|x Anglická próza, anglicky psaná
|2 Konspekt
|9 25
|
| 080 |
|
|
|a 821.111-32
|2 MRF
|
| 080 |
|
|
|a (0:82-322.4)
|2 MRF
|
| 100 |
1 |
|
|a Wallace, Edgar,
|d 1875-1932
|7 jn19990008883
|4 aut
|
| 240 |
1 |
0 |
|a Mind of Mr. J.G. Reeder.
|l Česky
|7 aun2013757080
|
| 245 |
1 |
0 |
|a Zloděj mramoru /
|c Edgar Wallace [z anglického originálu ... přeložil František Jungwirth]
|
| 260 |
|
|
|a Praha :
|b Naše vojsko,
|c 2013
|
| 300 |
|
|
|a 237 s. ;
|c 19 cm
|
| 655 |
|
7 |
|a anglické příběhy
|7 fd131813
|2 czenas
|
| 655 |
|
7 |
|a detektivní příběhy
|7 fd132009
|2 czenas
|
| 655 |
|
9 |
|a English stories
|2 eczenas
|
| 655 |
|
9 |
|a detective stories
|2 eczenas
|
| 700 |
1 |
|
|a Jungwirth, František,
|d 1920-1997
|7 jk01052192
|4 trl
|
| 910 |
2 |
|
|a BOA001
|b 1-1303.206
|
| 990 |
|
|
|a BK
|
| 995 |
|
|
|a 01
|
| 991 |
|
|
|b 201304
|e b
|
| 996 |
6 |
|
|b 2610545925
|c 1-1303.206
|l MZK
|r Sklad / do 1 hodiny
|n 0
|p p.v.
|w 001323617
|u 000010
|a 1
|e BOA001
|j MZK50
|s P
|